| 000 | 00961nam a2200229Ia 4500 | ||
|---|---|---|---|
| 003 | Ost | ||
| 005 | 20260507074859.0 | ||
| 008 | 260507s9999||||xx |||||||||||||| ||und|| | ||
| 020 | _a9773790433 | ||
| 040 | _cfsecg | ||
| 041 | _aara | ||
| 082 | _a330 | ||
| 100 |
_aبكر، ليلى سليمان علي _eمؤلف |
||
| 245 | 0 |
_aظاهرة العولمة وموقف الإسلام منها / _c ليلى سليمان علي بكر |
|
| 260 |
_aالاسكندرية: _bدار الفكر الجامعي, _c2006 |
||
| 300 |
_a185 صفحة؛ _bإيضاحات ؛ _c25 سم |
||
| 504 | _aبيبليوغرافيا: ص.181 | ||
| 520 | _aيضم تعريف العولمة والفرق بينها وبين العالمية، نشأة العولمة والأدوار التي مرت بها، مجالات العولمة، شعارات العولمة وموقف الاسلام منها | ||
| 653 | _aالاسلام | ||
| 653 | _aالعولمة | ||
| 942 | _cكتاب | ||
| 999 |
_c41635 _d41635 |
||